书目信息 |
| 题名: |
统计力学基础
|
|
| 作者: | 哈尔 著 | |
| 分册: | ||
| 出版信息: | 上海 上海科学技术出版社 1980.10 |
|
| 页数: | 464页 | |
| 开本: | 20cm | |
| 丛书名: | ||
| 单 册: | ||
| 中图分类: | O372 | |
| 科图分类: | ||
| 主题词: | 流变学 | |
| 电子资源: | ||
| ISBN: | ||
| 000 | 00499nam0 2200181 45 | |
| 001 | 0312221749 | |
| 005 | 20060424155541.28 | |
| 010 | @dCNY1.65 | |
| 100 | @a20031222d1980 km y0chiy0120 ea | |
| 101 | @achi | |
| 200 | 1 | @a统计力学基础@ATong Ji Li Xue Ji Chu@f(荷兰)D·德·哈尔著@F(he lan)D·de·ha er zhu |
| 210 | @a上海@c上海科学技术出版社@d1980.10 | |
| 215 | @a464页@d20cm | |
| 606 | 0 | @a流变学 |
| 690 | @aO372 | |
| 701 | 0 | @a哈尔@Aha er@4著 |
| 801 | @aCN@bTSTCL@c20060424 | |
| 905 | @dO372@e5@f1@b38239 | |
| 统计力学基础/(荷兰)D·德·哈尔著.-上海:上海科学技术出版社,1980.10 |
| 464页;20cm |
| ISBN :CNY1.65 |
| ● |
| 相关链接 |
|
|
|
|
正题名:统计力学基础
索取号:O372/5
 
预约/预借
| 序号 | 登录号 | 条形码 | 馆藏地/架位号 | 状态 | 备注 |
| 1 | 0038238 | 202270684 | 密集书库/ [索取号:O372/5] | 在馆 | |
| 2 | 0038239 | 001932369 | 第三借阅区/ [索取号:O372/5] | 在馆 | |
| 3 | 0038240 | 000386665 | 第三借阅区/ [索取号:O372/5] | 在馆 | |
| 4 | 0038241 | 202270648 | 密集书库/ [索取号:O372/5] | 在馆 | |
| 5 | 0038242 | 000386674 | 第二样本阅览室/ [索取号:O372/5] | 在馆 |